000
00402nam a2200133Ia 4500
008
100328s9999 xx 000 0 und d
082
_b
20206
100
_a
भोसले चिंतामण तुकाराम
245
_a
नशिबाची नौका
260
_b
---
630
_a
नशिबाची नौका
730
_a
नशिबाची नौका
942
_c
BOOK
999
_c
514391
_d
514388